=LDR 00000nam 2200000 4500 =001 INLIS000000000010714 =005 20130612102333 =008 ***********************************Ind** =035 ##$$0010-061300000010714 =041 ##$$a Ind =082 ##$$a 153.404 =090 ##$$a 153.404, Wij-p =100 ##$$a Wijayanto, IIP =245 ##$$a Pemerkosaan atas nama cinta, IIP Wijayanto =260 ##$$a 2003 $b Yogyakarta =300 ##$$a 95 hlm., 20 cm =650 ##$$a Cinta-Pemerkosaan =850 ##$$a NBPNMAT